| 000 | 00852nam a2200253 a 4500 | ||
|---|---|---|---|
| 001 | 63855 | ||
| 003 | BD-RjUL | ||
| 005 | 20211209081236.0 | ||
| 008 | 170204r19601961ctu b 000 0beng d | ||
| 035 | _a(BD-RjUL)63985 | ||
| 035 | _a(OCoLC)739445 | ||
| 040 |
_aDLC _cKSU _dm.c _dOCL _dBD-RjUL _beng |
||
| 041 | _aeng | ||
| 082 |
_a928.2 _bDAJ 1961 |
||
| 100 | 1 |
_aDavis, Bertram H. _q(Bertram Hylton), _d1919-2007. _9189599 |
|
| 245 | 1 | 0 |
_aJohnson before Boswell : _ba study of Sir John Hawkins' Life of Samuel Johnson / _cBertram H. Davis |
| 260 |
_aNew Haven : _bYale University Press, _c1960 [Printing 1961] |
||
| 300 |
_a222 p. ; _c23 cm |
||
| 504 | _aIncludes bibliography | ||
| 600 | 1 | 0 |
_aHawkins, John, _d1719-1789. _tLife of Samuel Johnson. _9189600 |
| 600 | 1 | 0 |
_aJohnson, Samuel, _d1709-1784. _9186145 |
| 942 |
_2ddc _cBK |
||
| 999 |
_c63855 _d63855 |
||